|
|
|
|
| LEADER |
01780nam a2200481 a 4500 |
| 001 |
nkc20112167140 |
| 003 |
CZ PrNK |
| 005 |
20110426150624.0 |
| 007 |
ta |
| 008 |
110218s2011 xr ac e f 000 0 cze |
| 015 |
|
|
|a cnb002167140
|
| 020 |
|
|
|a 978-80-251-2758-2
|q (váz.)
|
| 035 |
|
|
|a (OCoLC)724297362
|
| 040 |
|
|
|a BOA001
|b cze
|d ABA001
|
| 072 |
|
7 |
|a 629
|x Dopravní prostředky
|2 Konspekt
|9 19
|
| 080 |
|
|
|a 629.78.07
|2 MRF
|
| 080 |
|
|
|a 629.78
|2 MRF
|
| 080 |
|
|
|a 629.78-051
|2 MRF
|
| 080 |
|
|
|a 629.78(091)
|2 MRF
|
| 080 |
|
|
|a (0.062)
|2 MRF
|
| 100 |
1 |
|
|a Polák, Michal
|7 hka2011626726
|4 aut
|
| 245 |
1 |
0 |
|a Vzhůru do vesmíru :
|b historie cesty člověka na oběžnou dráhu /
|c Michal Polák
|
| 246 |
3 |
0 |
|a Historie cesty člověka na oběžnou dráhu
|
| 250 |
|
|
|a Vyd. 1.
|
| 260 |
|
|
|a Brno :
|b Computer Press,
|c 2011
|
| 300 |
|
|
|a 120 s. :
|b il., portréty ;
|c 25 cm
|
| 650 |
0 |
7 |
|a kosmické lety
|7 ph114985
|2 czenas
|
| 650 |
0 |
7 |
|a kosmická technika
|7 ph114983
|2 czenas
|
| 650 |
0 |
7 |
|a kosmonauti
|7 ph114990
|2 czenas
|
| 650 |
0 |
7 |
|a dějiny kosmonautiky
|7 ph488974
|2 czenas
|
| 650 |
0 |
9 |
|a space flights
|2 eczenas
|
| 650 |
0 |
9 |
|a space technology
|2 eczenas
|
| 650 |
0 |
9 |
|a astronauts
|2 eczenas
|
| 650 |
0 |
9 |
|a history of astronautics
|2 eczenas
|
| 655 |
|
7 |
|a populárně-naučné publikace
|7 fd131864
|2 czenas
|
| 655 |
|
9 |
|a popular works
|2 eczenas
|
| 910 |
2 |
|
|a BOA001
|b 2-1261.870
|
| 990 |
|
|
|a BK
|
| 995 |
|
|
|a 01
|
| 991 |
|
|
|b 201103
|c NOV
|j 629.7 POL
|e n
|
| 996 |
6 |
|
|b 2610471845
|c 2-1261.870
|l MZK
|r STM 6p
|n 0
|p kup
|h 629.7 POL
|w 001171154
|u 000010
|a 0
|e BOA001
|j MZK50
|s P
|
| 996 |
7 |
|
|b 2610473701
|c 2-1261.870
|l MZK
|r Sklad / do 1 hodiny
|n 9
|p p.v.
|w 001171154
|u 000020
|a 1
|e BOA001
|j MZK50
|s A
|
| 996 |
7 |
|
|b 2610473702
|c 2-1261.870
|l MZK
|r Sklad / do 1 hodiny
|n 2
|p p.v.
|w 001171154
|u 000030
|a 1
|e BOA001
|j MZK50
|s A
|